000 00425nam a2200157Ia 4500
008 240729s9999 xx 000 0 und d
022 _a2211-5072
245 0 _aTaiwan Journal of Ophthalmology
260 _aIndia
260 _bWolters Kluwer Medknow Publications
650 _a Ophthalmology
650 _aMedicine
856 _uhttps://doaj.org/toc/2b8d90a48f45432286217deb6390fdc2
942 _2ddc
942 _cDOAJEJ
999 _c70249
_d70249
945 _a1
_bMadushi Gamage
_c1
_dMadushi Gamage